000 00600nam a2200229Ia 4500
005 20241129104115.0
008 241129s9999||||xx |||||||||||||| ||und||
020 _a9781473993877
037 _aTextual
040 _aRTL
_beng
_cRTL
041 _aeng
_2eng
084 _aX0gF R0
_qRTL
100 _aMiller Vincent
245 0 _aUnderstanding digital culture
_cMiller Vincent
250 _a2nd
260 _aNew Delhi
_bSage
_c2020
300 _aix,331p.
365 _aINR
_b2968.29
650 _aDigital Culture
_9724803
942 _cTB
_hX0gF R0
999 _c1224456
_d1224456